000 00582nam a2200181Ia 4500
003 GCL
008 140319s9999 xx 000 0 ara d
040 _aGCL /
_cGCL
082 0 4 _a811.09531
_bخ ق
100 1 _aخالد الفيصل
245 1 0 _aقصائد نبطية /
_cخالد الفيصل
260 _aالرياض :
_bدار الفيصل الثقافية ،
_c0
300 _a147 ص ؛
_c24 سم
650 0 4 _aالشعر الغزلى
650 0 4 _aالشعر العربى - السعودية
650 0 4 _aالشعر الغزلى - السعودية
942 _2ddc
_cBK
999 _c58189
_d58189